LEADER 01150nam a2200277 i 4500 001 000000349092 003 CaOOAMICUS 005 20220113140309.0 008 220113s2021 it u000 u ita u 013 $a232871 020 $a978-88-6929-726-7 040 $aSeMil$bita 100 1 $aCasto, Lucio.$0(OLS)http://semarc/name/53638 245 10$aStoria della santitą in Piemonte e Valle d'Aosta /$cLucio Casto. 264 1$aCantalupa (TO) :$bEffatą,$c2021. 300 $a412 p. ;$c24 cm 490 1 $aStudia taurinensia ;$v53 650 4$aPiemonte - Storia religiosa.$0(OLS)http://semarc/subject/28245 650 4$aValle d'Aosta - Storia religiosa.$0(OLS)http://semarc/subject/51518 830 0$aStudia taurinensia ;$v53.$0(OLS)http://semarc/title/9742 850 $aSeMil 852 $aSeMil$W1$xVenegono$y1$m2KA Z 53$j231278$B240160$CSeMilBibl$Z2$F240160 $81 996 $6020$a978-88-6929-726-7$9(OLS)http://semarc/number/295030 996 $6245$aStoria della santitą in Piemonte e Valle d'Aosta$9(OLS)http://semarc/title/438611 996 $6264$aCantalupa (TO) :$bEffatą$9(OLS)http://semarc/publisher/32483 LEADER 01285nam a2200289 i 4500 001 000000228544 003 CaOOAMICUS 005 20140402000000.0 008 140402s1950 it u000 u ita u 013 $a207446 040 $aSeMil$bita 100 1 $aDelcuve, George.$0(OLS)http://semarc/name/38861 245 10$aGesł Cristo luce del mondo /$cG. Delcuve e A. De Marneffe ; unica versione italiana a cura di C. Testore. 250 $a2. ed. 260 $aTorino ; Roma :$bMarietti,$cc 1950. 300 $a300 p. :$bill ;$c17 cm. 490 0 $aTestimoni di Cristo : manuali di istruzione religiosa compilati da alcuni padri D.C.D.G ;$v2 500 $aFondo card. Giovanni Colombo. 700 1 $aTestore, Celestino.$0(OLS)http://semarc/name/7752 700 1 $aDe Marneffe, A.$0(OLS)http://semarc/name/38860 830 0$aTestimoni di Cristo : manuali di istruzione religiosa compilati da alcuni padri D.C.D.G ;$v2.$0(OLS)http://semarc/title/288746 850 $aSeMil 852 $aSeMil$W1$xVenegono$y1$m3GC I 30$j178890$B178890$CSeMilBibl$Z2$F192167 $8B 941 1 $a3 961 $aLascito: Colombo Card. Giovanni 996 $6245$aGesł Cristo luce del mondo$9(OLS)http://semarc/title/327141 996 $6260$aTorino ; Roma :$bMarietti$9(OLS)http://semarc/publisher/32636